| 000 | 00736nam a22001815i 4500 | ||
|---|---|---|---|
| 001 | 156254 | ||
| 003 | ES-MaACL | ||
| 005 | 20250822032223.0 | ||
| 008 | 040804s1889 fr |||| | fre d | ||
| 100 | 1 |
_aJanet, Pierre. _966019 |
|
| 245 | 1 | 2 |
_aL'automatisme psychologique _b: essai de psychologie expérimentale sur les formes inférieures de l'activité humaine / _cpar Pierre Janet. |
| 260 |
_aParis : _bAncienne Librairie Germer Baillière et Cie. : _bFélix Alcan, _c1889 ( _eÉvreux : _fImp. de Charles Hérissey) |
||
| 300 |
_a496 p. ; _c22 cm. |
||
| 650 | 0 | 7 |
_aPsicología experimental _2embne _916564 |
| 650 | 4 |
_aPsicología- _yS.XIX. _9158847 |
|
| 852 |
_aES-MaACL _jB-6612 _z- Enc. pasta española |
||
| 999 |
_c156254 _d156254 |
||